[Event "5th FIDE GP w"]
[Site "Ulaanbaatar MGL"]
[Date "2010.08.04"]
[Round "5"]
[White "Munguntuul,B"]
[Black "Zhao Xue"]
[Result "1/2-1/2"]
[WhiteElo "2421"]
[BlackElo "2462"]
[EventDate "2010.07.30"]

1. e4 e5 2. Nf3 Nc6 3. Bb5 a6 4. Ba4 Nf6 5. O-O Be7 6. Re1 d6 7. c3 Bg4 8.
h3 Bh5 9. d4 b5 10. Bb3 O-O 11. Be3 exd4 12. cxd4 Na5 13. Bc2 Nc4 14. Bc1
c5 15. b3 Nb6 16. Nbd2 Nfd7 17. Bb2 Rc8 18. Rc1 Re8 19. Nf1 Bg5 20. Ne3
cxd4 21. Bxd4 Ne5 22. g4 Nxf3+ 23. Qxf3 Bg6 24. Bb1 Rxc1 25. Rxc1 Nd7 26.
Rd1 Bxe3 27. Bxe3 Re6 28. Qf4 Qe7 29. f3 h6 30. Kg2 Nf6 31. Bf2 Kh7 32. a3
Nd7 33. Qd2 Nf6 34. b4 d5 35. exd5 Re2 36. Bxg6+ fxg6 37. Qd3 Qe5 38. Qd4
Qc7 39. Qc5 Qf7 40. d6 Nd7 41. Qd5 Qf6 42. Rd2 Nb6 43. Qd4 Rxd2 44. Qxd2
Nc4 45. Qd4 Qxd6 46. Qxd6 Nxd6 47. Be3 g5 48. Kg3 Kg8 49. f4 gxf4+ 50. Bxf4
Nc4 51. Bc1 Kf7 52. Kf4 Ke6 53. Ke4 g5 54. Kd4 Ne5 55. Bb2 Nc4 56. Bc1 Ne5
57. Bb2 Nc4 58. Bc3 Nxa3 59. Kc5 Nc4 60. Bg7 Ne5 61. Kb6 Nd3 62. Ka5 Kd5
63. Bxh6 Kc6 64. Kxa6 Nxb4+ 65. Ka5 Nd3 66. Bxg5 Nf2 67. Be3 Nxh3 68. g5
Nxg5 1/2-1/2

[Event "5th FIDE GP w"]
[Site "Ulaanbaatar MGL"]
[Date "2010.08.05"]
[Round "6"]
[White "Koneru,H"]
[Black "Chiburdanidze,M"]
[Result "1-0"]
[WhiteElo "2600"]
[BlackElo "2514"]
[EventDate "2010.07.30"]

1. d4 Nf6 2. c4 e6 3. Nc3 Bb4 4. Qc2 O-O 5. e4 d5 6. e5 Ne4 7. Bd3 c5 8.
Nge2 Nc6 9. cxd5 exd5 10. O-O cxd4 11. Nxd5 Qxd5 12. Bxe4 Qxe5 13. Bxh7+
Kh8 14. Bf4 Qf6 15. Be4 Re8 16. Rac1 Bd7 17. Qd3 Rxe4 18. Qxe4 Re8 19. Qd5
Bg4 20. f3 Bc8 21. Rf2 Rd8 22. Qh5+ Kg8 23. Bg5 Qe5 24. Ng3 f6 25. Bd2 Bf8
26. Re2 Qxh5 27. Nxh5 a5 28. Nf4 Kf7 29. h4 Bf5 30. g4 Bh7 31. Ne6 Rd5 32.
Nxf8 Kxf8 33. Kg2 Kf7 34. f4 Bd3 35. Ree1 f5 36. g5 a4 37. b4 axb3 38. axb3
Be4+ 39. Kg3 Kg6 40. b4 d3 41. Rc5 Rxc5 42. bxc5 Nd4 43. Ra1 Nf3 44. Ra2
Bd5 45. Rb2 Nd4 46. Rb6+ Bc6 47. Kf2 Kh5 48. Ke3 Ne6 49. Kxd3 Nxc5+ 50. Kd4
Nd7 51. Rb1 Kxh4 52. Ra1 Kh5 53. Ra8 Kg6 54. Bb4 Kf7 55. Bd6 Be4 56. Be5
Nf8 57. Rb8 Ne6+ 58. Kc4 Bc6 59. Bd6 Kg6 60. Rh8 Kf7 61. Kd3 Be4+ 62. Ke3
Bc6 63. Kf2 Kg6 64. Kg3 Kf7 65. Rh2 Kg6 66. Ra2 Be4 67. Ra5 Kf7 68. Re5 Bd3
69. Kf3 Be4+ 70. Ke3 Bc2 71. Bb4 Be4 72. Ba3 Bc2 73. Kf3 Be4+ 74. Kg3 Bd3
75. g6+ Kf6 76. Bb2 Ke7 77. Rd5 Be4 78. Ra5 Bd3 79. Ra8 Bb5 80. Rb8 Bc6 81.
Be5 Be4 82. Kh4 Bc6 83. Rg8 Bd5 84. Rh8 Bc6 85. Rh7 Kf8 86. Rh5 Be4 87.
Bd6+ Ke8 88. Kg3 Kd7 89. Ba3 Ke8 90. Rh8+ Kd7 91. Rh2 Ke8 92. Rd2 Bb1 93.
Rd6 Ba2 94. Kf3 Bc4 95. Ke3 Ba2 96. Rb6 Bd5 97. Rb5 Be4 98. Re5 Kd7 99. Bb2
Bc2 100. Ba3 Be4 101. Rxe4 fxe4 102. Bb2 Nc5 103. f5 Ke7 104. Bxg7 Nd7 105.
Kxe4 Nc5+ 106. Kf4 b5 107. Bc3 Nd3+ 108. Ke3 1-0

[Event "5th FIDE GP w"]
[Site "Ulaanbaatar MGL"]
[Date "2010.08.05"]
[Round "6"]
[White "Xu Yuhua"]
[Black "Munguntuul,B"]
[Result "1-0"]
[WhiteElo "2488"]
[BlackElo "2421"]
[EventDate "2010.07.30"]

1. e4 c5 2. Nf3 e6 3. d4 cxd4 4. Nxd4 Nf6 5. Nc3 d6 6. Be3 Be7 7. Be2 Nc6
8. O-O O-O 9. Kh1 e5 10. Nb3 Be6 11. f4 exf4 12. Bxf4 d5 13. exd5 Nxd5 14.
Nxd5 Qxd5 15. Qxd5 Bxd5 16. Rfd1 Rad8 17. c3 Bf6 18. Nc5 Ne5 19. Bb5 Ng4
20. Rd2 Bc6 21. Bxc6 Rxd2 22. Bxd2 bxc6 23. Re1 Rd8 24. Nb7 Ra8 25. Kg1 Ne5
26. b3 h6 27. Be3 Re8 28. Bf2 Re7 29. Na5 Rd7 30. Bd4 Rd5 31. b4 Kh7 32.
Re4 Kg6 33. h3 Kf5 34. Re3 a6 35. Kf2 h5 36. a4 g5 37. Bxe5 Rxe5 38. Nxc6
1-0

[Event "5th FIDE GP w"]
[Site "Ulaanbaatar MGL"]
[Date "2010.08.09"]
[Round "9"]
[White "Zhao Xue"]
[Black "Xu Yuhua"]
[Result "0-1"]
[WhiteElo "2462"]
[BlackElo "2488"]
[EventDate "2010.07.30"]

1. d4 e6 2. c4 Nf6 3. Nf3 b6 4. g3 Bb7 5. Bg2 Be7 6. O-O O-O 7. Bg5 c5 8.
dxc5 bxc5 9. Nc3 Qb6 10. Qc2 h6 11. Bxf6 Bxf6 12. Rfd1 Rd8 13. Rd2 d6 14.
Rad1 Be7 15. Qb3 Qxb3 16. axb3 a6 17. Ne5 Bxg2 18. Kxg2 Rc8 19. Nf3 Nc6 20.
Ne4 Rcb8 21. Rxd6 Bxd6 22. Rxd6 Na5 23. Nxc5 Nxb3 24. Nxa6 Rc8 25. Ne5 Na5
26. b4 Nxc4 27. Nxc4 Rxc4 28. b5 Ra7 29. Rb6 Kh7 30. h4 h5 31. Kf3 Rc2 32.
Nb4 Rc5 33. Rb8 Ra3+ 34. Nd3 Rb3 35. b6 Rcb5 36. Rf8 f6 37. Kg2 e5 38. Rc8
Rxb6 39. Rc4 Rd6 40. Rc2 Ra3 41. Rb2 Rd5 42. Rc2 Rda5 43. Nc1 Rb5 44. Nd3
Rb1 45. Nc5 Raa1 46. Ne4 Rc1 47. Rb2 Ra4 48. Nd2 Rca1 49. Nf1 R1a2 50. Rxa2
Rxa2 51. e4 Ra4 52. Kf3 g6 53. Ne3 Kg7 54. Nf1 Kf7 55. Ne3 Ke6 56. Nf1 f5
57. exf5+ gxf5 58. Nd2 Ra3+ 59. Kg2 f4 60. gxf4 exf4 61. Ne4 Kf5 62. f3
Ra2+ 63. Kh3 Ra3 64. Kg2 Ke5 65. Ng5 Kd4 66. Ne4 Ra2+ 67. Kh3 Ra6 68. Kg2
Ke3 69. Nc3 Rg6+ 0-1